000 00549nam a2200205Ia 4500
005 20250326145600.0
008 250326s9999 xx 000 0 und d
037 _aTextbook
040 _aFMSL
_beng
_cFMSL
041 _aeng
_2eng
084 _aX:9.1 Q6
_qFMSL
100 _aDickmann Michael
_9289994
245 0 _aInternational human resource management
_cDickmann Michael
260 _c2016
365 _b3531.9200000000001
490 _v3rd.ed.
650 _aManagement
942 _cTB
_hX:9.1 Q6
999 _c1308078
_d1308078